00723nam a2200241Ia 4500008004100000020001500041050000800056050001500064100002400079245002600103245003300129245002400162260002400186260002300210260000900233300002400242300002100266300001100287650001900298650003300317999001900350952011200369160319s9999 xx 000 0 und d a9710861077 a310 bN758g 2000 aNocon, Ferdinand P. aGeneral statistics :  bmade simple for Filipinos /  cFerdinand P. Nocon. aMandaluyong City :  bNational Bookstore c2000 a xii, 192 pages. :  billustrations ;  c26 cm. aStatistics --  xStudy and teaching (Higher). c292112d292112 001040aSSISBbSSISBcFILd2016-03-19l0oFil 310 N758g 2000pUS 0127r2016-03-19 00:00:00w2016-03-19yBK